Hodnotenie stavu čistenia odpadových vôd na Slovensku
Charakteristika a sumarizácia niektorých oblastí vodného hospodárstva na Slovensku a porovnanie s niektorými vyspelými krajinami Európy. Spotreba vody v SR. Podiel napojenia obyvateľstva na verejné kanalizácie. Komunálne odpadové vody. Čistiarne odpadových vôd.
Saved in:
| Main Author: | |
|---|---|
| Other Authors: | , |
| Format: | Book Chapter |
| Language: | Slovak |
| Subjects: | |
| Tags: |
No Tags, Be the first to tag this record!
|
MARC
| LEADER | 00000naa a2200000 4500 | ||
|---|---|---|---|
| 001 | r030785 | ||
| 005 | 20230925114335.1 | ||
| 041 | 0 | |a slo | |
| 044 | |a SK | ||
| 245 | 1 | 0 | |a Hodnotenie stavu čistenia odpadových vôd na Slovensku |c Igor Bodík, Miloslav Drtil, Elena Rajczyková |
| 520 | |a Charakteristika a sumarizácia niektorých oblastí vodného hospodárstva na Slovensku a porovnanie s niektorými vyspelými krajinami Európy. Spotreba vody v SR. Podiel napojenia obyvateľstva na verejné kanalizácie. Komunálne odpadové vody. Čistiarne odpadových vôd. | ||
| 610 | 2 | 0 | |a voda odpadová |
| 610 | 2 | 0 | |a spotreba vody |
| 610 | 2 | 0 | |a čistiarne vôd odpadových |
| 610 | 2 | 0 | |a vodohospodárstvo |
| 610 | 2 | 0 | |a krajiny vyspelé |
| 610 | 2 | 0 | |a Slovensko |
| 610 | 2 | 0 | |a Európa |
| 100 | 1 | |a Bodík, Igor | |
| 700 | 1 | |a Drtil, Miloslav | |
| 700 | 1 | |a Rajczyková, Elena | |